000 00595nam a2200217Ia 4500
003 GCL
008 140319s9999 xx 000 0 ara d
040 _aGCL /
_cGCL
082 0 4 _a320.5315
_bخ د
100 1 _aخالد محمد خالد
245 1 0 _aالديمقراطية /
_cخالد محمد خالد
300 _a192 ص
490 _a
650 0 4 _aالسياسة
650 0 4 _aالديمقراطية
650 0 4 _aالحرية
650 0 4 _aالمذاهب السياسية
650 0 4 _aالمساواة
650 0 4 _aالديمقراطية المطلقة
942 _2ddc
_cBK
999 _c47031
_d47031